वैदिक विनय / (Record no. 212617)

MARC details
000 -LEADER
fixed length control field 01151nam a22002177a 4500
005 - DATE AND TIME OF LATEST TRANSACTION
control field 20251022104737.0
010 ## - LCCN (DPL NO)
LC control number HIN-130007
020 ## - INTERNATIONAL STANDARD BOOK NUMBER
Terms of availability 350.00
035 ## - SYSTEM CONTROL NUMBER
System control number HN-102353
037 ## - SOURCE OF ACQUISITION
Source of stock number/acquisition DBAD
082 ## - DEWEY DECIMAL CLASSIFICATION NUMBER
Classification number 230.21
100 ## - MAIN ENTRY--PERSONAL NAME
Personal name विद्यालंकार , आचार्य अभयदेव
245 ## - TITLE STATEMENT
Title वैदिक विनय /
Statement of responsibility, etc आचार्य अभयदेव विद्यालंका एवं आचार्य ब्र. नंदकिशोर
260 ## - PUBLICATION, DISTRIBUTION, ETC. (IMPRINT)
Place of publication, distribution, etc दिल्ली
Name of publisher, distributor, etc वैदिक साहित्य प्रतिष्ठान
270 ## - ADDRESS
Address गणेशदास गरिमा गोयल, 1967/1, भोला नाथ नगर, दिल्ली
City दिल्ली
Postal code 110032
Telephone number 9212458841
300 ## - PHYSICAL DESCRIPTION
Extent 428पृ.
Dimensions 22 सेमी (सजिल्द)
490 ## - SERIES STATEMENT
Volume number/sequential designation 230.21
700 ## - ADDED ENTRY--PERSONAL NAME
Personal name विद्यालंकार , आचार्य अभयदेव
9 (RLIN) 83348
700 ## - ADDED ENTRY--PERSONAL NAME
Personal name नंदकिशोर, आचार्य ब्र द्वारा संपादित
9 (RLIN) 83349
942 ## - ADDED ENTRY ELEMENTS (KOHA)
Source of classification or shelving scheme Dewey Decimal Classification
Item type Hindi Books
Classification part 230.21
Call number suffix विद्यालं
Holdings
Withdrawn status Lost status Not for loan Collection code Home library Current library Date acquired Source of acquisition Cost, normal purchase price Full call number Barcode Copy number Cost, replacement price Koha item type
    Not For Loan Non-fiction Bawana Bawana 25/07/2025 DBAD 350.00 230.21 विद्यालं HN-102353 1 350.00 Hindi Books

© Delhi Public Library
Hit Counter
free hit counter